000 00573nam a2200205Ia 4500
003 OSt
005 20220926035028.0
006 a|||||r|||| 00| 0
007 ta
008 220923b |||||||| |||| 00| 0 eng d
037 _cGeneral Book
040 _aRTL
_cRTL
_beng
041 _2eng
_aeng
082 _aX.657.N5, J0
100 _aRaeburn John R
_9341746
245 0 _aReport on a preliminary economic survey of the Nor
650 _aAfrica Economic Conditions
_932254
942 _hX.657.N5, J0
_cGB
_2CC
999 _c661170
_d661170